000 00373pab a2200145 454500
008 180718b1984 xxu||||| |||| 00| 0 eng d
100 _aSen, binayak
245 _aThe dimensions of planning process in banks
260 _c1984
300 _a36-46
362 _aJan.-Mar.
650 _aBanks - India
773 _aJournal of the Indian Institure of Bankers
909 _a4354
999 _c4354
_d4354